| 000 | 01436cam a22001814a 4500 | ||
|---|---|---|---|
| 005 | 20250605164143.0 | ||
| 008 | 250528s ||||||||||||||||||||||||d | ||
| 035 | _a19038 | ||
| 040 |
_aGR-AtMCL _bgre _dGR-AtMCL _eAACR2 |
||
| 245 | 1 | _aΕισήγηση Αισθητικής Αγωγής | |
| 260 |
_bΑθήνα, _c1986 |
||
| 300 | _a88 | ||
| 520 | _aΠρόλογος, Αφετηρίες και Πηγές της Εργασίας μας, Εισαγωγή, Η Εικαστική Αντίληψη στο Παιδί, Η Νέα Εικαστική Αντίληψη στις Ξένες Χώρες, Το Περιεχόμενο της Βασικής Εικαστικής Σχολικής Παιδείας - Προβληματισμοί και Πηγές της Θεματολογίας της, Η Εικαστική Εκπαίδευση στις Μικρές Ηλικίες, Η Οργάνωση του Μαθήματος της Αισθητικής Αγωγής - Επιδιωκόμενοι Στόχοι, Το Νέο Αναλυτικό Πρόγραμμα, Οδηγίες για την Εφαρμογή του Νέου Αναλυτικού Προγράμματος, Επίλογος, Επιστολή προς τους Σχολικούς Συμβούλους της Πρωτοβάθμιας Εκπαίδευσης, Βιβλιογραφία. | ||
| 700 | 1 |
_aΜουζάκης Τάσος _95311 |
|
| 942 | _cBK | ||
| 999 |
_c4323 _d4323 |
||